Ч. 1; Оборудование литейных цехов

Dades bibliogràfiques
Parent link:Оборудование литейных цехов: учебное пособие/ И. В. Матвеенко; Московский государственный индустриальный университет. Ч. 1.— , 2009.— 978-5-2760-1667-2
Sumari:Соответствует типовой программе «Оборудование литейных цехов» и Госстандарту Российской Федерации. Содержит общий анализ процесса уплотнения: принципиальная схема устройства и механизм уплотнения, факторы, влияющие на процесс уплотнения, конструктивные решения механизма для уплотнения смеси, технологические требования к смеси и оснастке; дает математическое описание рабочего процесса и процесса уплотнения, методику расчета и выбора параметров формовочной машины. Предназначено для студентов литейной специальности в машиностроительных вузах, а также может быть использовано студентами литейной специальности в металлургических вузах, работниками промышленности и проектных организаций.
Idioma:rus
Publicat: 2009
Edició:2-е изд., стер.
Matèries:
Format: MixedMaterials Llibre
KOHA link:https://koha.lib.tpu.ru/cgi-bin/koha/opac-detail.pl?biblionumber=164411

MARC

LEADER 00000nam2a2200000 4500
001 164411
005 20231031161234.0
010 |a 9785276016689 
035 |a (RuTPU)RU\TPU\book\178366 
035 |a RU\TPU\book\118089 
090 |a 164411 
100 |a 20090907d2009 m y0rusy50 ca 
101 0 |a rus 
102 |a RU 
105 |a a j 001zy 
200 0 |a Ч. 1 
205 |a 2-е изд., стер. 
210 |d 2009 
215 |a 172 с.  |c ил. 
320 |a Библиогр.: с. 170-172. 
330 |a Соответствует типовой программе «Оборудование литейных цехов» и Госстандарту Российской Федерации. Содержит общий анализ процесса уплотнения: принципиальная схема устройства и механизм уплотнения, факторы, влияющие на процесс уплотнения, конструктивные решения механизма для уплотнения смеси, технологические требования к смеси и оснастке; дает математическое описание рабочего процесса и процесса уплотнения, методику расчета и выбора параметров формовочной машины. Предназначено для студентов литейной специальности в машиностроительных вузах, а также может быть использовано студентами литейной специальности в металлургических вузах, работниками промышленности и проектных организаций. 
461 1 |0 (RuTPU)RU\TPU\book\180361  |y 978-5-2760-1667-2  |t Оборудование литейных цехов  |o учебное пособие  |o в 2 ч.  |f И. В. Матвеенко  |g Московский государственный индустриальный университет  |v Ч. 1  |d 2009 
606 1 |a Литейные цехи  |x Оборудование  |2 stltpush  |3 (RuTPU)RU\TPU\subj\40376 
610 1 |a литейное оборудование 
610 1 |a формовочные машины 
610 1 |a формовочные автоматы 
610 1 |a прессовые формовочные машины 
610 1 |a встряхивающие формовочные машины 
610 1 |a пескострельные машины 
610 1 |a пескометы 
610 1 |a воздушно-импульсные машины 
610 1 |a газовые импульсные машины 
610 1 |a отливки 
610 1 |a вакуумно-пленочные процессы 
610 1 |a формы 
610 1 |a воздушные потоки 
610 1 |a фильтрационные процессы 
610 1 |a учебные пособия 
675 |a 621.74.006.3(075.8)  |v 3 
801 1 |a RU  |b 63413507  |c 20070207  |g PSBO 
801 2 |a RU  |b 63413507  |c 20131014  |g PSBO 
900 |a Оборудование машиностроительного производства 
900 |a Литейное производство 
942 |c BK 
951 |b 150200  |b 150204 
955 |a 552900